000 00673nam a2200289Ia 4500
005 20260324111903.0
008 008 260324s9999 xx 000 0 eng d
020 _a9781003502210
037 _aEBOOK
040 _aCRL
040 _beng
040 _cCRL
041 _2eng
041 _aeng
084 _qCRL
100 _aMark J.P. Wolf
_91140427
245 0 _aNavigating Imaginary Worlds
245 0 _bWayfinding and Subcreation
260 _bTaylor and Francis
260 _c2025
365 _a
365 _b230
856 _uhttp://www.taylorfrancis.com/books/9781003502210
942 _cEBOOK
999 _c1729402
_d1729402